Záhada koktavého papouška
| Main Author: | |
|---|---|
| Other Authors: | |
| Format: | Book |
| Language: | Czech English |
| PhysicalDescription: | 121 s. 20 cm |
| Published: |
Bratislava
Mladé letá
1993
|
| ISBN: | 8006005400 8006005354 |
| Edition: | 1. vyd. |
| Series: | Alfred Hitchcock a tři pátrači
|
| Subjects: |
MARC
| LEADER | 00000nam a2200000 a 4500 | ||
|---|---|---|---|
| 001 | vtls001074291 | ||
| 003 | SK-MaSNL | ||
| 005 | 20260301145231.0 | ||
| 008 | 240125s1993 xo 0 cze | ||
| 015 | |a SNBA1994/03 | ||
| 020 | |a 8006005400 | ||
| 020 | |a 8006005354 |q (sub.) | ||
| 035 | |a SNK000017123 | ||
| 040 | |a SNK |b slo |c SNK |e AACR2 | ||
| 041 | 1 | |a cze |h eng | |
| 044 | |a xo |c SK | ||
| 080 | |a 820 (73)-3(087.5)=850 |2 1981 | ||
| 100 | 1 | |a Arthur, Robert, |d 1909-1969 |4 aut |9 115182 | |
| 240 | 1 | 0 | |a Alfred Hitchcock and Three Investigators in The Stuttering Parrot |l Česky |
| 245 | 1 | 0 | |a Záhada koktavého papouška |c Robert Arthur ; přeložil Petr Hejný |
| 250 | |a 1. vyd. | ||
| 260 | |a Bratislava |b Mladé letá |c 1993 |e Banská Bystrica |f Tlačiarne BB, spol. s r.o. | ||
| 300 | |a 121 s. |c 20 cm | ||
| 490 | 1 | |a Alfred Hitchcock a tři pátrači |v 2 | |
| 500 | |a Pre čitateľov od 9 rokov | ||
| 655 | 7 | |a americké romány |2 SNKPH |9 1174 | |
| 655 | 7 | |a detektívne romány |2 SNKPH |9 70455 | |
| 655 | 7 | |a dobrodružné romány |2 SNKPH |9 70486 | |
| 655 | 7 | |a publikácie pre deti a mládež |2 SNKPH |9 70541 | |
| 700 | 1 | |a Hejný, Petr, |d 1952- |4 trl |9 205945 | |
| 830 | 0 | |a Alfred Hitchcock a tři pátrači |9 504750 | |
| 919 | |a 80-06-00540-0 | ||
| 919 | |a 80-06-00535-4 (sub.) | ||
| 958 | |a UC | ||
| 958 | |a LX | ||
| 958 | |a DB | ||
| 958 | |a TL | ||
| 958 | |a UP | ||
| 958 | |a NS | ||
| 958 | |a CZ | ||
| 968 | |a [Čes] |b ENG | ||
| 999 | |c 779502 |d 781432 | ||
| 952 | |t P60, <05>, [BOOK], {605} |a SNK |b SNK |y PREZ |7 0 |p 17A0252367 |o snkSC 85360/2 D1 |0 0 |1 0 |4 0 |d 2000-09-25 |l 0 |r 2004-12-31 00:00:00 |w 2026-02-24 | ||
| 952 | |a SNK |b SNK |y PREZ |7 0 |p 17A0996251 |o snkSC 85360/2 |0 0 |1 0 |4 0 |d 2012-08-15 |l 0 |r 2025-08-27 00:00:00 |w 2026-02-24 | ||


